LEADER 01154nam 2200373 450 001 990001015210203316 010 $a0-444-89588-4 035 $a0101521 035 $aUSA010101521 035 $a(ALEPH)000101521USA01 035 $a0101521 100 $a20020305d1992----km-y0itay0103----ba 101 $aeng 102 $aNL 105 $a||||||||001yy 200 1 $aModeling and optimization of fermentation processes$fB. Volesky and J. Votruba 210 $aAmsterdam$cElsevier$dc1992 215 $aIX, 266 p$d25 cm 225 2 $aProcess simulation and modeling$v1 410 $12001$aProcess simulation and modeling$v1 606 0 $aFermentazione$xModelli matematici 676 $a660.28449 700 1$aVOLESKY,$bBohumil$016555 701 1$aVOTRUBA,$bJaroslav$0553305 801 0$aIT$bsalbc$gISBD 912 $a990001015210203316 951 $a660.28449 VOL$b9817 ING$c660.28449 959 $aBK 969 $aTEC 979 $aPATTY$b90$c20020305$lUSA01$h1303 979 $c20020403$lUSA01$h1742 979 $aPATRY$b90$c20040406$lUSA01$h1710 996 $aModeling and optimization of fermentation processes$9974144 997 $aUNISA LEADER 01590nas 2200541-a 450 001 996398445703316 005 20230522010532.0 011 $a2054-1716 035 $a(DE-599)ZDB2014365-5 035 $a(OCoLC)43841989 035 $a(CKB)963017384023 035 $a(CONSER)--2002238803 035 $a(EXLCZ)99963017384023 100 $a20000412a19739999 s-- a 101 0 $aeng 135 $aurcn||||||||| 181 $ctxt$2rdacontent 182 $cc$2rdamedia 183 $acr$2rdacarrier 200 10$aReference services review $eRSR 210 $aBradford, England $cMCB University Press$d1973- 210 3 $aBingley $cEmerald 300 $aRefereed/Peer-reviewed 311 $a0090-7324 517 3 $aRSR 531 $aRSR 531 $aREF SERV REV 606 $aReference books$vBibliography$vPeriodicals 606 $aPublications périodiques$2eclas 606 $aBibliographies$2eclas 606 $aAcquisitions documentaires$2eclas 606 $aBibliothèque électronique$2eclas 606 $aReference books$2fast$3(OCoLC)fst01092370 608 $aBibliographies.$2fast 608 $aPeriodicals.$2fast 608 $aPeriodicals.$2lcgft 615 0$aReference books 615 7$aPublications périodiques. 615 7$aBibliographies. 615 7$aAcquisitions documentaires. 615 7$aBibliothèque électronique. 615 7$aReference books. 676 $a011.02 712 02$aMCB University Press. 906 $aJOURNAL 912 $a996398445703316 996 $aReference services review$9975938 997 $aUNISA